000 00238nam a22000857a 4500
008 160701b xxu||||| |||| 00| 0 eng d
100 _91733
_a Gupta, R.G
245 _aComposite Mathematics for Primary Schools
260 _aNew Delhi
_bArya
_c2005
999 _c1439
_d1439